banner koha

Contribuicao ao conhecimento da alimentacao e do modo alimentar de serpentes do Brasil [habito alimentar] (Registro n. 334754)

MARC details
000 -LÍDER
campo de controle de tamanho fixo 01445naa a22003257a 4500
001 - NÚMERO DE CONTROLE
campo de controle BR8401352
003 - IDENTIFICADOR DO NÚMERO DE CONTROLE
campo de controle BR-BrBNA
005 - DATA E HORÁRIO DA ÚLTIMA TRANSAÇÃO
campo de controle 20250721154433.0
007 - CAMPO FIXO DE DESCRIÇÃO FÍSICA--INFORMAÇÃO GERAL
campo de controle de tamanho fixo ta
008 - CAMPO DE DADOS FIXOS--INFORMAÇÃO GERAL
campo de controle de tamanho fixo 250630b bl.|||m| |||| 00| 0 por d
040 ## - FONTE DA CATALOGAÇÃO
Instituição da catalogação original BR-BrBNA
Idioma da catalogação por
Instituição que transcreveu o registro Biblioteca Nacional de Agricultura
041 ## - CÓDIGO DE IDIOMA
Código do idioma do texto/trilha sonora ou título diferente (Pt)
072 ## - CÓDIGO DE CATEGORIA DE ASSUNTO
Código de Categoria de Assunto L20; L30
Código do objeto 8527
-- G514
090 ## - NÚMERO DE CHAMADA LOCAL
Número de chamada L20 BR8401352
100 1# - ENTRADA PRINCIPAL--NOME PESSOAL
Nome pessoal Lema, T. de
100 1# - ENTRADA PRINCIPAL--NOME PESSOAL
Nome pessoal Araujo, M.L. de
100 1# - ENTRADA PRINCIPAL--NOME PESSOAL
Nome pessoal Azevedo, A.C.P.
245 1# - TÍTULO
Título Contribuicao ao conhecimento da alimentacao e do modo alimentar de serpentes do Brasil [habito alimentar]
246 1# - FORMA VARIANTE DO TÍTULO
Título/título abreviado [Contribution to the knowledge of preys and feeding habits of the Brazilian snakes [feeding habit]
246 1# - FORMA VARIANTE DO TÍTULO
Título/título abreviado [Communications from the Science Museum of the Pontificial Catholic University of Rio Grande do Sul]
490 ## - TÍTULO DA SÉRIE
Título da série Comunicacoes do Museu de Ciencias da PUCRGS (Brazil)
Número do volume ou designação sequencial da série no. 14
500 ## - NOTA GERAL
Nota geral Comunicacoes do Museu de Ciencias da Pontificia Universidade Catolica do Rio Grande do Sul<br/>Porto Alegre, RS (Brasil): 1983. p. 41-121 [17 illus.; Summaries (En, Pt); Bibliography p. 101-104 (71 ref.)]<br/>(BR8401352-AMS)<br/>
650 ## - ASSUNTO--TERMO TÓPICO
Cabeçalho tópico ou nome geográfico COBRA
650 ## - ASSUNTO--TERMO TÓPICO
Cabeçalho tópico ou nome geográfico HABITAT
650 ## - ASSUNTO--TERMO TÓPICO
Cabeçalho tópico ou nome geográfico HABITO ALIMENTAR
650 ## - ASSUNTO--TERMO TÓPICO
Cabeçalho tópico ou nome geográfico DIETA
773 0# - ENTRADA ANALÍTICA
Título Comunicacoes do Museu de Ciencias da Pontificia Universidade Catolica do Rio Grande do Sul
Número de controle do registro L20 BR8401352
Partes relacionadas Porto Alegre, RS (Brasil), 1983. p. 41-121
942 ## - ELEMENTOS DE ENTRADA ADICIONADOS (KOHA)
Tipo de material Koha Analítica de Monografia Seriada
Fonte da classificação ou esquema de arquivamento na estante Classificação AGRIS
909 ## -
-- 202506
-- Lúcia
-- 55
-- Lúcia Elande
Exemplares
Situação do descarte Fonte da classificação ou esquema de arquivamento na estante Situação física Não pode ser emprestado Coleção Biblioteca de origem Biblioteca atual Total de empréstimos Data de último acesso Número do exemplar Tipo de material Koha Situação das perdas Data de aquisição Fonte de aquisição
  Classificação AGRIS       Biblioteca Nacional de Agricultura - Binagri Biblioteca Nacional de Agricultura - Binagri   30/06/2025 01 Analítica de Monografia Seriada   2025-06-30 Portaria Interministerial nº 164/94

BINAGRI

Telefone: (61)3218-2567/2388/3357/2097 - binagri@agro.gov.br

Ministério da Agricultura e Pecuária , Esplanada dos Ministérios, Bloco D, Anexo B, Brasília/DF, CEP: 70.043-900